Tous les Grattes ciels de plus de 500 mètres de haut en France (Ville) - Statistiques

Statistiques générales
  • Ce quiz a été pris 8 fois
  • Le résultat moyen est 2 sur 12
Statistiques - réponses
Hauteur Nom % Correct
828 Burj Khalifa
88%
541 One World Trade Center
50%
510 Taipei 101
38%
528 Citic Tower
13%
530 CTF Finance Centre
0%
558 Lotte World Tower
0%
601 Makkah Clock Royal Tower
0%
679 Merdeka
0%
599 Ping An Finance Centre
0%
530 Tianjin Chow Tai Fook Binhai Center
0%
600 Tour de télévision et de tourisme de Canton
0%
632 Tour Shanghai
0%
Aucun quiz correspondant
Distribution des résultats
% des personnes avec chaque résultat
Percentile par nombre de réponses
Votre historique - résultats
Vous n’avez pas pris ce quiz